[Event "FRA-chT U20 1112"]
[Site "France"]
[Date "2011.12.18"]
[Round "5.4"]
[White "Venou, Randjit"]
[Black "Gac, Simon"]
[Result "1-0"]
[WhiteElo "1767"]
[BlackElo "1553"]
[PlyCount "131"]
[EventDate "2011.12.03"]
[EventType "team-swiss"]
[EventRounds "7"]
[EventCountry "FRA"]
[SourceTitle "EXT 2013"]
[Source "ChessBase"]
[SourceDate "2012.11.22"]
[SourceVersion "1"]
[SourceVersionDate "2012.11.22"]
[SourceQuality "1"]

1. e4 e6 2. d4 d5 3. exd5 exd5 4. c4 dxc4 5. Bxc4 Bb4+ 6. Nc3 Nc6 7. Nf3 Nf6 8. 0-0 0-0 9. Bg5 Bg4 10. Nd5 Be7 11. Nxe7+ Qxe7 12. Be3 Rad8 13. Re1 Qb4 14. Qd3 Bxf3 15. a3 Be4 16. axb4 Bxd3 17. Bxd3 Nxb4 18. Bb1 a6 19. Rd1 h6 20. Ra4 Nbd5 21. Bc1 Rfe8 22. Kf1 Nb6 23. Ra3 Ne4 24. f3 Nf6 25. Kf2 Rd7 26. Re3 Rxe3 27. Bxe3 Nc4 28. Bc1 c5 29. Ba2 Nb6 30. Be3 Nbd5 31. dxc5 Nxe3 32. Rxd7 Nxd7 33. Kxe3 Nxc5 34. Kd4 Nd7 35. Kd5 Kf8 36. Kd6 Ke8 37. Bxf7+ Kd8 38. Bd5 b6 39. Ke6 Nf6 40. Bb7 a5 41. Kf7 Ne8 42. Bc6 Nd6+ 43. Kxg7 Nc4 44. b3 Nd2 45. Bd5 Nf1 46. f4 Nxh2 47. f5 Ng4 48. f6 Nxf6 49. Kxf6 h5 50. Kg5 Kd7 51. Kxh5 Kd6 52. Bc4 Kc5 53. g4 b5 54. Bf7 a4 55. bxa4 bxa4 56. g5 a3 57. g6 a2 58. Bxa2 Kd6 59. g7 Kd7 60. g8Q Kc7 61. Qe6 Kd8 62. Qf7 Kc8 63. Qe7 Kb8 64. Qd7 Ka8 65. Bd5+ Kb8 66. Qb7# 1-0

[Event "FRA-ch U12"]
[Site "Troyes"]
[Date "2010.04.15"]
[Round "6"]
[White "Venou, Randjit"]
[Black "Ek, Alexandre"]
[Result "0-1"]
[WhiteElo "1950"]
[BlackElo "1833"]
[PlyCount "124"]
[EventDate "2010.04.11"]
[EventType "swiss"]
[EventRounds "9"]
[EventCountry "FRA"]
[SourceTitle "EXT 2012"]
[Source "ChessBase"]
[SourceDate "2011.11.24"]
[SourceVersion "1"]
[SourceVersionDate "2011.11.24"]
[SourceQuality "1"]

1. e4 c5 2. Nf3 Nc6 3. d4 cxd4 4. Nxd4 g6 5. Nc3 Bg7 6. Be3 Nf6 7. Nb3 0-0 8. Be2 d6 9. f4 e5 10. 0-0 exf4 11. Bxf4 Ne5 12. Qd2 Qb6+ 13. Be3 Qd8 14. h3 Be6 15. Rad1 Bc4 16. Qxd6 Qxd6 17. Rxd6 Bxe2 18. Nxe2 Nc4 19. Rd3 Nxb2 20. Rc3 Nxe4 21. Rc7 Rae8 22. Bd4 Bxd4+ 23. Nexd4 h5 24. Nf3 b6 25. Nbd2 Nxd2 26. Nxd2 Rc8 27. Rfxf7 Rxf7 28. Rxc8+ Kg7 29. Nf3 Nd1 30. Kf1 Re7 31. Rc6 Ne3+ 32. Kf2 Nd5 33. Nh4 Rf7+ 34. Ke2 Rf6 35. Rxf6 Kxf6 36. a3 Nc3+ 37. Kd3 Nd5 38. g3 a6 39. Kd4 Ne7 40. Ke4 Nf5 41. Nxf5 gxf5+ 42. Kd5 b5 43. c3 Kg5 44. Kc6 h4 45. gxh4+ Kxh4 46. Kd5 Kxh3 47. Ke5 Kg4 48. Kd5 f4 49. Kc5 f3 50. Kb6 f2 51. Kxa6 f1Q 52. Ka5 Qc4 53. Kb6 Qxc3 54. Kxb5 Qxa3 55. Kc4 Kf4 56. Kd4 Qe3+ 57. Kc4 Ke4 58. Kb4 Qc1 59. Kb3 Kd4 60. Kb4 Qb2+ 61. Ka4 Kc4 62. Ka5 Qb5# 0-1